00782nam a22002657a 45000010005000000030009000050050017000140070003000310080035000340200018000690400030000870820028001171000045001452450065001902640035002553000031002903360027003213370036003483380030003844900029004146500022004436500026004656500019004916500006005100214DO-SdBPM20250704131018.0ta160623b2008 cl. |||| 00| 0 spa d a9789587049008 aDO-SdBPMbspacBPMSUerda 4aCo863.6bA116a 20082221 aAbad Faciolince, Héctord1958-eautor 10aAsunto de un hidalgo disoluto / cHéctor Abad Faciolince  aBogotá : bAlfaguara, c2009 a 211 páginas ;b21 cm. atextobtxt2rdacontent asin mediación bnc2rdamedia  avolumen bnc2rdacarrier 0 aPunto de lectura,v275/2 7aNovela colombiana 7aInfidelidad vNovelas 7aNovela amorosa a